00377nam a2200121 i 4500001000300000100002400003245005200027260002100079040000800100041000800108008004100116856009800157bg1 aSTASZKÓW, Michał 0aZarys prawa wynalazczego /cMichał Staszków. aWarszawa,c1974. cBPK apol s pl f |000 0 pol  uhttp://koha.tu.koszalin.pl/cgi-bin/koha/opac-detail.pl?biblionumber=15948yKatalog online BPK